|
|
|
|
| LEADER |
01143pam a2200277 a 4500 |
| 001 |
AALebookSpringer004792 |
| 003 |
BD-DhAAL |
| 006 |
m||||||||d|||||||| |
| 007 |
cr|||||||||||| |
| 008 |
221122s9999 enkabf fo j 001 0 eng d |
| 020 |
|
|
|a 978-3-642-36248-4
|
| 020 |
|
|
|a 978-3-642-36249-1
|
| 040 |
|
|
|a BD-DhAAL
|c BD-DhAAL
|
| 245 |
1 |
0 |
|h [electronic resource]
|a Assurances for Self-Adaptive Systems
|
| 250 |
|
|
|a 1
|
| 260 |
|
|
|b Springer Berlin Heidelberg,
|c 2013
|
| 300 |
|
|
|a 1 online resource
|
| 362 |
0 |
|
|a Vol. 7740
|
| 500 |
|
|
|a <strong>Off-Campus Access:</strong> Athens ID and Password Required
|
| 500 |
|
|
|a <strong>On-Campus Access:</strong> No User ID or Password Required
|
| 506 |
|
|
|a Electronic access restricted to authorized BRAC University faculty, staff and students
|
| 538 |
|
|
|a Mode of access: Internet
|
| 655 |
|
7 |
|a Electronic books
|2 Library of Congress
|
| 700 |
1 |
|
|a Cámara
|
| 856 |
4 |
0 |
|z Full text available on Springer
|u https://link.springer.com/10.1007/978-3-642-36249-1
|
| 856 |
4 |
0 |
|z Off-campus access
|u https://go.openathens.net/redirector/bracu.ac.bd?url=https%3A%2F%2Flink.springer.com%2F10.1007%2F978-3-642-36249-1
|